| 000 | 00662nam a2200193 i 4500 | ||
|---|---|---|---|
| 001 | 85203 | ||
| 003 | ES-MaACL | ||
| 005 | 20230906175212.0 | ||
| 007 | t| | ||
| 008 | 041126s1923 sp ||||1| spa d | ||
| 100 | 1 |
_aTrifiodoro. _9111403 |
|
| 245 | 1 | 3 |
_aEl poema de Trifiodoro, La toma de Ilion _b: . y El libro segundo de la Eneida de Virgilio / _cpuestos en verso castellano por Miguel Jiménez Aquino. |
| 260 |
_aMadrid : _b[s.n., _c1923] ( _fNieto y compañía) |
||
| 300 |
_a144 p. ; _c19 cm. |
||
| 700 | 1 |
_aJiménez Aquino, Miguel. _966447 |
|
| 700 | 1 |
_aVirgilio Marón, Publio. _9115452 |
|
| 740 | 1 | _aEneida, libro segundo. | |
| 852 |
_aES-MaACL _jF-4517 |
||
| 999 |
_c85203 _d85203 |
||